000 00287nam a22001217a 4500
008 170829b xxu||||| |||| 00| 0 eng d
041 _aeng
080 _a070
100 _a39
101 _aMED
245 _aPUBLIC SPEAKING AND INFLUENCING MEN IN BUSINESS
_cCARNEGIE,D
942 _2udc
_cBK
999 _c25307
_d25307